00320nam a22001337a 4500003000400000020001800004082001800022100002000040245003700060250000800097260004700105300000900152650002500161SGT a9789356961012 a617.645bT23M aMarwah, Nikhil  aTextbook of Pediatric Dentistry  a5th aNew Delhi, India bJaypee Publishersc2023 a1078 aPediatric Dentistry